000 00556nam a2200217Ia 4500
003 OSt
005 20220928140541.0
006 a|||||r|||| 00| 0
007 ta
008 220927b |||||||| |||| 00| 0 eng d
024 _a9302
037 _cTextual
040 _aSDCL
_cSDCL
_beng
041 _2eng
_aeng
082 _aO-,3L07,2, L0
100 _aFielding Henry
_9417157
245 0 _aHistory of the adventures of Joseph Andrews.
260 _c1970
942 _hO-,3L07,2, L0
_cTEXL
_2CC
999 _c812050
_d812050